000 00986nam a2200349Ia 4500
001 dia_5997
003 CHAP
005 20251023153157.0
008 220117s2012 xx 000 0 und d
010 _a177162
020 _a978-607-445-184-9
040 _cCHAP
082 _a808.8385 F84 A97 2012
100 _aFuentes, Carlos
_943905
245 _aAura /
_c Carlos Fuentes
250 _a2a ed.
260 _aMéxico :
_b Era,
_c2012
300 _a61 p.
440 0 _aBiblioteca Era (Era)
_912388
503 _aC.
590 _aPQ7297.F793 F84 A97 2012
650 _aAmor
_xNovela
_9160368
650 _aFiction
_9152751
650 _aLiteratura mexicana
_xSiglo XX
_9153761
650 _aLove story
_xFiction
_9160367
650 0 _aMexican literature
_x
_y20th. century
_9153762
650 _aNovela
_982011
901 _a808.8385 F84 A97 2012
902 _aA
905 _a5232272012 mx x 9222222332spa16
942 _cLIBRO
_2ddc
999 _c177162
_d177162